00608cam a22002171 45000010008000000030009000080050017000170080041000340100017000750150014000920400035001060500020001410820017001611000029001782450040002072600045002473000026002923500009003185040030003276000033003571234233BDDh-ASL20231015030300.0710426s1967 enk b 000 0beng  a 68098294  aB68-00926 aDLCcDLCdDLCdOCoLCdBDDh-ASL00aBP75b.H8 1967b00a297.63bHUP 1 aHusain, S. Athar,d1920-10aProphet Muhammad and his mission /  aLondon : bAsia Publishing House,c1967. axi, 214 p. : c23 cm. a28/- aBibliography: p. 207-210.00aMuḥammad,cProphet,d-632.